[Event "Brasilia Viva op"]
[Site "Brasilia"]
[Date "2017.04.29"]
[Round "2"]
[White "Delgado Ramirez, Neuris"]
[Black "Kozak, Dalton Demetrio"]
[Result "1-0"]
[WhiteElo "2603"]
[BlackElo "1898"]
[PlyCount "69"]
[EventDate "2017.04.28"]
[EventType "swiss"]
[EventRounds "7"]
[EventCountry "BRA"]
[SourceTitle "CBM 178 Extra"]
[Source "ChessBase"]
[SourceDate "2017.06.22"]
[SourceVersion "1"]
[SourceVersionDate "2017.06.22"]
[SourceQuality "1"]

1. e4 e6 2. d4 d5 3. Nd2 dxe4 4. Nxe4 Qd5 5. Nc3 Bb4 6. Nf3 Nf6 7. Bd3 O-O 8.
O-O Bxc3 9. bxc3 c5 10. Re1 Nc6 11. Bg5 c4 12. Bxf6 cxd3 13. Be5 dxc2 14. Qxc2
f6 15. Bg3 Na5 16. Nd2 Bd7 17. Ne4 Bc6 18. f3 Nc4 19. Nc5 Rfe8 20. Rad1 Rac8
21. Re2 Bb5 22. Re4 Qf5 23. Qb3 Bc6 24. Qxc4 Bxe4 25. fxe4 Qg4 26. Qd3 b6 27.
h3 Qh5 28. Nb7 Rxc3 29. Qxc3 Qxd1+ 30. Kh2 Qa4 31. Nd6 Rd8 32. e5 f5 33. Bh4
Ra8 34. Qc7 Qxa2 35. Bf6 1-0

[Event "Brasilia Viva op"]
[Site "Brasilia"]
[Date "2017.04.29"]
[Round "3"]
[White "Maciel, Diogo Alves"]
[Black "Delgado Ramirez, Neuris"]
[Result "0-1"]
[WhiteElo "1938"]
[BlackElo "2603"]
[PlyCount "36"]
[EventDate "2017.04.28"]
[EventType "swiss"]
[EventRounds "7"]
[EventCountry "BRA"]
[SourceTitle "CBM 178 Extra"]
[Source "ChessBase"]
[SourceDate "2017.06.22"]
[SourceVersion "1"]
[SourceVersionDate "2017.06.22"]
[SourceQuality "1"]

1. e4 c5 2. Nc3 Nc6 3. g3 g6 4. Bg2 Bg7 5. Nge2 e6 6. d3 d6 7. O-O Nge7 8. Be3
Nd4 9. Qd2 O-O 10. Nd1 b6 11. Nxd4 cxd4 12. Bh6 Bxh6 13. Qxh6 Ba6 14. Qd2 Rc8
15. f4 Qc7 16. Rf2 f5 17. c3 Qc5 18. Rc1 d5 0-1

[Event "Brasilia Viva op"]
[Site "Brasilia"]
[Date "2017.04.30"]
[Round "4"]
[White "Delgado Ramirez, Neuris"]
[Black "Abrantes, Tiago Garrido"]
[Result "1-0"]
[WhiteElo "2603"]
[BlackElo "2134"]
[PlyCount "69"]
[EventDate "2017.04.28"]
[EventType "swiss"]
[EventRounds "7"]
[EventCountry "BRA"]
[SourceTitle "CBM 178 Extra"]
[Source "ChessBase"]
[SourceDate "2017.06.22"]
[SourceVersion "1"]
[SourceVersionDate "2017.06.22"]
[SourceQuality "1"]

1. e4 c5 2. Nf3 e6 3. d4 cxd4 4. Nxd4 a6 5. Nc3 Qc7 6. f4 d6 7. Bd3 Nf6 8. Qe2
Nc6 9. Nf3 Be7 10. Bd2 b5 11. O-O O-O 12. e5 Nd7 13. exd6 Bxd6 14. Ne4 h6 15.
Nxd6 Qxd6 16. c3 Bb7 17. Rad1 Qc7 18. Bc2 Rad8 19. Be3 Nf6 20. Nd4 Na5 21. Bc1
Nc4 22. Rfe1 Qc5 23. a3 Rfe8 24. Qf2 Qb6 25. h3 Nd6 26. Nf3 Qxf2+ 27. Kxf2
Nde4+ 28. Kg1 Nc5 29. Nd4 Rd7 30. Re5 Be4 31. Bxe4 Nfxe4 32. Rf1 f5 33. Nxf5
Nf6 34. Nxh6+ gxh6 35. Rxc5 1-0

[Event "Brasilia Viva op"]
[Site "Brasilia"]
[Date "2017.04.30"]
[Round "5"]
[White "Delgado Ramirez, Neuris"]
[Black "Perdomo, Leandro Daniel"]
[Result "1-0"]
[WhiteElo "2603"]
[BlackElo "2462"]
[PlyCount "81"]
[EventDate "2017.04.28"]
[EventType "swiss"]
[EventRounds "7"]
[EventCountry "BRA"]
[SourceTitle "CBM 178 Extra"]
[Source "ChessBase"]
[SourceDate "2017.06.22"]
[SourceVersion "1"]
[SourceVersionDate "2017.06.22"]
[SourceQuality "1"]

1. e4 e5 2. Nf3 Nc6 3. Bb5 a6 4. Ba4 Nf6 5. Qe2 b5 6. Bb3 Be7 7. c3 d6 8. O-O
O-O 9. h3 Na5 10. Bc2 c5 11. d4 Qc7 12. d5 c4 13. Kh2 Nb7 14. Rg1 Nc5 15. b4
cxb3 16. axb3 Bd7 17. b4 Nb7 18. Bd3 Rfc8 19. Bd2 g6 20. g4 Nd8 21. Na3 Qb7 22.
Nc2 Qb6 23. Be3 Qb7 24. Ra3 Rc7 25. Bg5 Qc8 26. Qd2 Nb7 27. Ne3 Qd8 28. Nf1 a5
29. Ng3 axb4 30. Rxa8 Qxa8 31. cxb4 Qa3 32. Rb1 Rc3 33. Ne1 Bd8 34. Nc2 Qa2 35.
Ra1 Qb2 36. Ra8 Rc8 37. Ra7 Rc7 38. Na3 Qb3 39. Kg2 Ne8 40. Be3 Bc8 41. Nxb5
1-0

[Event "Brasilia Viva op"]
[Site "Brasilia"]
[Date "2017.05.01"]
[Round "6"]
[White "Diamant, Andre"]
[Black "Delgado Ramirez, Neuris"]
[Result "1/2-1/2"]
[WhiteElo "2515"]
[BlackElo "2603"]
[PlyCount "94"]
[EventDate "2017.04.28"]
[EventType "swiss"]
[EventRounds "7"]
[EventCountry "BRA"]
[SourceTitle "CBM 178 Extra"]
[Source "ChessBase"]
[SourceDate "2017.06.22"]
[SourceVersion "1"]
[SourceVersionDate "2017.06.22"]
[SourceQuality "1"]

1. d4 Nf6 2. c4 e6 3. Nc3 Bb4 4. e3 O-O 5. Nge2 Re8 6. a3 Bf8 7. Ng3 d5 8. Be2
dxc4 9. Bxc4 c5 10. dxc5 Qxd1+ 11. Kxd1 Bxc5 12. Ke2 a6 13. b4 Be7 14. Bb2 Nbd7
15. Rhd1 b5 16. Bb3 Bb7 17. Nge4 Red8 18. Nxf6+ Bxf6 19. f3 Nb6 20. a4 Rdc8 21.
Rac1 Nxa4 22. Bxa4 Bxc3 23. Rxc3 Rxc3 24. Bxc3 bxa4 25. Rd6 Rc8 26. Kd2 Bc6 27.
Bb2 h6 28. h4 Bb5 29. g4 Bc4 30. g5 hxg5 31. hxg5 Kh7 32. e4 Bb5 33. f4 a3 34.
Bxa3 Rc4 35. f5 Rxe4 36. g6+ fxg6 37. fxe6 g5 38. Bb2 Re2+ 39. Kc1 Bc4 40. Rc6
Bd3 41. Rd6 Bb5 42. Rd5 Rxe6 43. Rxg5 Kh6 44. Rxg7 Re1+ 45. Kd2 Re2+ 46. Kc1
Rxb2 47. Kxb2 Kxg7 1/2-1/2

[Event "Brasilia Viva op"]
[Site "Brasilia"]
[Date "2017.05.01"]
[Round "7"]
[White "Delgado Ramirez, Neuris"]
[Black "Sa, Antonio Villar Marq"]
[Result "1-0"]
[WhiteElo "2603"]
[BlackElo "1921"]
[PlyCount "61"]
[EventDate "2017.04.28"]
[EventType "swiss"]
[EventRounds "7"]
[EventCountry "BRA"]
[SourceTitle "CBM 178 Extra"]
[Source "ChessBase"]
[SourceDate "2017.06.22"]
[SourceVersion "1"]
[SourceVersionDate "2017.06.22"]
[SourceQuality "1"]

1. e4 e5 2. Nf3 Nc6 3. Bb5 a6 4. Ba4 Nf6 5. Bxc6 dxc6 6. d3 Bc5 7. Qe2 Qe7 8.
Nbd2 b5 9. h3 Bb7 10. Nf1 O-O-O 11. Ng3 g6 12. O-O Nd7 13. a4 f6 14. c3 h5 15.
Rd1 h4 16. Nf1 Rdg8 17. b4 Bb6 18. c4 bxc4 19. dxc4 g5 20. c5 g4 21. hxg4 Rxg4
22. Ne3 Rxe4 23. cxb6 h3 24. Nf5 Qxb4 25. Qd3 Nc5 26. Ne7+ Kb8 27. Qd8+ Rxd8
28. Rxd8+ Bc8 29. Nxc6+ Kb7 30. Nxb4 h2+ 31. Kxh2 1-0

[Event "Curitiba IEP&Copel op"]
[Site "Curitiba"]
[Date "2017.05.12"]
[Round "1"]
[White "Delgado Ramirez, Neuris"]
[Black "Soares, Joao Carlos TC"]
[Result "1-0"]
[WhiteElo "2603"]
[BlackElo "1887"]
[PlyCount "119"]
[EventDate "2017.05.12"]
[EventType "swiss"]
[EventRounds "6"]
[EventCountry "BRA"]
[SourceTitle "CBM 178 Extra"]
[Source "ChessBase"]
[SourceDate "2017.06.22"]
[SourceVersion "1"]
[SourceVersionDate "2017.06.22"]
[SourceQuality "1"]

1. e4 c5 2. Nf3 e6 3. Nc3 a6 4. g3 d6 5. Bg2 Nc6 6. O-O Bd7 7. d3 Be7 8. Nd2 b5
9. f4 Nf6 10. h3 O-O 11. g4 b4 12. Ne2 Rc8 13. g5 Ne8 14. h4 Nc7 15. Ng3 d5 16.
e5 Nb5 17. Nf3 a5 18. Bd2 c4 19. dxc4 dxc4 20. Be3 Qc7 21. Ne4 Rfd8 22. Qe1 Nb8
23. Qf2 Re8 24. Nf6+ gxf6 25. gxf6 Bf8 26. Kh2 Kh8 27. Ng5 Bc6 28. Qe2 Bh6 29.
Qh5 Bxg5 30. hxg5 Rg8 31. Rf2 Rg6 32. Rh1 Nd7 33. Kg3 Nf8 34. Qe2 Kg8 35. Qxc4
Bxg2 36. Qxc7 Nxc7 37. Rxg2 Nd5 38. Bd4 Rc4 39. Rd2 Nd7 40. b3 Rc8 41. Rdh2 Nf8
42. Kf3 Rd8 43. Rd2 Rd7 44. Bc5 Rc7 45. Bd4 Rd7 46. Ke4 h6 47. Rd3 Nh7 48. Bb2
Kf8 49. Rxh6 Rxh6 50. gxh6 Kg8 51. Rg3+ Kh8 52. c4 bxc3 53. Bxc3 a4 54. bxa4
Nf8 55. Bd4 Ng6 56. f5 exf5+ 57. Kxf5 Nh4+ 58. Ke4 Ng6 59. Rxg6 fxg6 60. e6 1-0

[Event "Curitiba IEP&Copel op"]
[Site "Curitiba"]
[Date "2017.05.12"]
[Round "2"]
[White "Almeida Junior, Alvaro Alves De"]
[Black "Delgado Ramirez, Neuris"]
[Result "0-1"]
[WhiteElo "2096"]
[BlackElo "2603"]
[PlyCount "56"]
[EventDate "2017.05.12"]
[EventType "swiss"]
[EventRounds "6"]
[EventCountry "BRA"]
[SourceTitle "CBM 178 Extra"]
[Source "ChessBase"]
[SourceDate "2017.06.22"]
[SourceVersion "1"]
[SourceVersionDate "2017.06.22"]
[SourceQuality "1"]

1. e4 c5 2. Nf3 d6 3. Bb5+ Bd7 4. Bxd7+ Nxd7 5. O-O Ngf6 6. Qe2 e6 7. c3 Be7 8.
d4 O-O 9. h3 Rc8 10. Bf4 Qb6 11. dxc5 Nxc5 12. e5 Nd5 13. Bg3 dxe5 14. Nxe5 f6
15. b4 Qa6 16. b5 Qa4 17. Nd7 Rfd8 18. Nxc5 Bxc5 19. Qxe6+ Kh8 20. Qe2 Bb6 21.
Re1 h6 22. Qh5 Qxb5 23. Na3 Qb2 24. Nc4 Rxc4 25. Re8+ Rxe8 26. Qxe8+ Kh7 27.
Rd1 Qxc3 28. Rxd5 Qxg3 0-1

[Event "Curitiba IEP&Copel op"]
[Site "Curitiba"]
[Date "2017.05.13"]
[Round "3"]
[White "Delgado Ramirez, Neuris"]
[Black "Cadilhac, Igor Tokuichi Kikuc"]
[Result "1-0"]
[WhiteElo "2603"]
[BlackElo "2243"]
[PlyCount "111"]
[EventDate "2017.05.12"]
[EventType "swiss"]
[EventRounds "6"]
[EventCountry "BRA"]
[SourceTitle "CBM 178 Extra"]
[Source "ChessBase"]
[SourceDate "2017.06.22"]
[SourceVersion "1"]
[SourceVersionDate "2017.06.22"]
[SourceQuality "1"]

1. e4 c5 2. Nf3 d6 3. Bb5+ Nd7 4. O-O a6 5. Bd3 g6 6. c3 Bg7 7. Bc2 Ngf6 8. d4
Qc7 9. Re1 e5 10. dxe5 dxe5 11. Nbd2 O-O 12. a4 Rd8 13. Qe2 Nh5 14. g3 b6 15.
Bb3 Bb7 16. Ng5 Rf8 17. Nf1 h6 18. Nf3 Kh7 19. Nh4 Rac8 20. Bc4 Ra8 21. f3 Ndf6
22. Rd1 Bc8 23. Ne3 Qb7 24. Nhg2 Be6 25. g4 Nf4 26. Nxf4 exf4 27. Nd5 g5 28.
Nxf6+ Bxf6 29. Bd5 Bxd5 30. Rxd5 Rad8 31. Rf5 Kg7 32. Bd2 Qd7 33. Be1 Qd3 34.
Kf1 a5 35. Bf2 Qd2 36. Qb5 Rd3 37. Kg1 Rxf3 38. Rf1 Rd8 39. Qxb6 Be7 40. Qb5 f6
41. Qc4 Rxf2 42. Rxf2 Qd1+ 43. Qf1 Qxg4+ 44. Rg2 Qh5 45. Rd5 f3 46. Rg3 Rxd5
47. exd5 g4 48. Qxf3 f5 49. Qf4 Qf7 50. d6 Bg5 51. Qe5+ Kg6 52. Rd3 Qc4 53. Rd1
Qxa4 54. Qe6+ Kg7 55. Rf1 f4 56. Qxg4 1-0

[Event "Curitiba IEP&Copel op"]
[Site "Curitiba"]
[Date "2017.05.13"]
[Round "4"]
[White "Aranha Filho, Alvaro Zimmermann"]
[Black "Delgado Ramirez, Neuris"]
[Result "1/2-1/2"]
[WhiteElo "2343"]
[BlackElo "2603"]
[PlyCount "71"]
[EventDate "2017.05.12"]
[EventType "swiss"]
[EventRounds "6"]
[EventCountry "BRA"]
[SourceTitle "CBM 178 Extra"]
[Source "ChessBase"]
[SourceDate "2017.06.22"]
[SourceVersion "1"]
[SourceVersionDate "2017.06.22"]
[SourceQuality "1"]

1. d4 Nf6 2. Nf3 e6 3. Bg5 h6 4. Bxf6 Qxf6 5. e4 d6 6. Nc3 a6 7. Bd3 Nd7 8. Qe2
Qd8 9. O-O Be7 10. e5 d5 11. Nd1 c5 12. c3 Qb6 13. a3 Nb8 14. b4 c4 15. Bc2 a5
16. Ne3 Bd7 17. Rab1 O-O 18. Ng4 Re8 19. Qe3 Bf8 20. Qf4 Qd8 21. bxa5 Ra7 22.
Rbe1 Nc6 23. Nf6+ gxf6 24. exf6 Bg7 25. fxg7 Kxg7 26. Ne5 Nxe5 27. dxe5 Qg5 28.
Qd4 Rxa5 29. Re3 Kf8 30. Qb6 Rb5 31. Qd4 Rb2 32. Rg3 Qh5 33. Bh7 Bc8 34. Qf4
Ke7 35. Rg7 Kd7 36. g4 1/2-1/2

[Event "Curitiba IEP&Copel op"]
[Site "Curitiba"]
[Date "2017.05.14"]
[Round "5"]
[White "Delgado Ramirez, Neuris"]
[Black "Cruz, William Ferreira Da"]
[Result "1-0"]
[WhiteElo "2603"]
[BlackElo "2294"]
[PlyCount "103"]
[EventDate "2017.05.12"]
[EventType "swiss"]
[EventRounds "6"]
[EventCountry "BRA"]
[SourceTitle "CBM 178 Extra"]
[Source "ChessBase"]
[SourceDate "2017.06.22"]
[SourceVersion "1"]
[SourceVersionDate "2017.06.22"]
[SourceQuality "1"]

1. d4 Nf6 2. Nc3 e6 3. Bf4 Be7 4. e4 d5 5. Bd3 dxe4 6. Nxe4 Nbd7 7. Nxf6+ Bxf6
8. c3 e5 9. dxe5 Bxe5 10. Be3 Qe7 11. Nf3 Bf4 12. O-O Bxe3 13. Re1 O-O 14. Rxe3
Qf6 15. Nd2 g6 16. Ne4 Qc6 17. Qf3 Kg7 18. Qf4 f6 19. a4 Ne5 20. Nxf6 Qxf6 21.
Qxe5 Qxe5 22. Rxe5 Kf6 23. f4 Bd7 24. Be4 Rae8 25. Bxb7 Rxe5 26. fxe5+ Kxe5 27.
b4 Rf4 28. a5 Rc4 29. Re1+ Kd6 30. Rd1+ Ke7 31. Rd3 Rf4 32. Rf3 Rh4 33. Re3+
Kd6 34. Bf3 Rf4 35. Kf2 Rf8 36. c4 Bc6 37. Ke2 Bxf3+ 38. Rxf3 Rb8 39. Rb3 Rf8
40. Rd3+ Ke7 41. Rh3 h5 42. Re3+ Kd6 43. Rg3 Re8+ 44. Kd3 Rg8 45. Rg5 c6 46. h4
Kc7 47. Kc3 a6 48. g3 Rg7 49. g4 hxg4 50. h5 g3 51. hxg6 Kd6 52. Kd3 1-0

[Event "Curitiba IEP&Copel op"]
[Site "Curitiba"]
[Date "2017.05.14"]
[Round "6"]
[White "Cubas, Jose Fernando"]
[Black "Delgado Ramirez, Neuris"]
[Result "0-1"]
[WhiteElo "2468"]
[BlackElo "2603"]
[PlyCount "130"]
[EventDate "2017.05.12"]
[EventType "swiss"]
[EventRounds "6"]
[EventCountry "BRA"]
[SourceTitle "CBM 178 Extra"]
[Source "ChessBase"]
[SourceDate "2017.06.22"]
[SourceVersion "1"]
[SourceVersionDate "2017.06.22"]
[SourceQuality "1"]

1. e4 c5 2. Nf3 d6 3. d4 cxd4 4. Nxd4 Nf6 5. Nc3 a6 6. Be3 e5 7. Nb3 Be6 8. f3
Be7 9. Qd2 O-O 10. O-O-O Qc7 11. g4 Rc8 12. g5 Nh5 13. Nd5 Bxd5 14. exd5 Nd7
15. Bh3 a5 16. Kb1 a4 17. Nc1 a3 18. b3 g6 19. Ne2 b5 20. Rc1 Bf8 21. c4 bxc4
22. Rxc4 Qd8 23. Rxc8 Rxc8 24. Rc1 Rb8 25. Rc6 Nc5 26. Bxc5 dxc5 27. d6 Nf4 28.
Nxf4 Qxg5 29. Rxc5 Rd8 30. Rd5 Qg1+ 31. Qc1 Qxc1+ 32. Kxc1 Bh6 33. Kc2 Bxf4 34.
b4 Bxh2 35. Kb3 f5 36. Bf1 Kf7 37. b5 Ke6 38. Bc4 Kd7 39. Kxa3 h5 40. Rc5 e4
41. Rc7+ Kxd6 42. Rc6+ Kd7 43. fxe4 Bd6+ 44. Kb3 fxe4 45. Bf7 e3 46. Rc2 h4 47.
Bxg6 Ke6 48. a4 Ke5 49. a5 h3 50. b6 Kd4 51. a6 h2 52. Rc4+ Ke5 53. Rc1 Rc8 54.
Rh1 Rc6 55. Bd3 Rxb6+ 56. Ka2 Bb8 57. Rxh2 Kd4 58. Be2 Kc3 59. Rg2 Rb2+ 60. Ka1
Ba7 61. Rg7 Bd4 62. Rd7 Rb4 63. Bd1 Kd2+ 64. Ka2 Kxd1 65. Ka3 e2 0-1

[Event "American Continental 13th"]
[Site "Medellin"]
[Date "2017.06.11"]
[Round "2"]
[White "Hernandez, Cristian Andres"]
[Black "Delgado Ramirez, Neuris"]
[Result "0-1"]
[WhiteElo "2259"]
[BlackElo "2613"]
[PlyCount "68"]
[EventDate "2017.06.10"]
[EventType "swiss"]
[EventRounds "11"]
[EventCountry "COL"]
[SourceTitle "CBM 178 Extra"]
[Source "ChessBase"]
[SourceDate "2017.06.22"]
[SourceVersion "1"]
[SourceVersionDate "2017.06.22"]
[SourceQuality "1"]

1. e4 c5 2. Nf3 d6 3. d4 cxd4 4. Nxd4 Nf6 5. Nc3 a6 6. Bg5 Nbd7 7. f4 g6 8. Qf3
Bg7 9. O-O-O Qc7 10. g3 e5 11. Nb3 h6 12. Bh4 O-O 13. Bh3 exf4 14. gxf4 Nb6 15.
Kb1 Bxh3 16. Qxh3 Rac8 17. Qd3 Nh5 18. Qxd6 Qxd6 19. Rxd6 Nc4 20. Rd7 Nxf4 21.
Rf1 g5 22. Bg3 Nxb2 23. Bxf4 Bxc3 24. Bc1 Na4 25. Ba3 Rfd8 26. Rfxf7 Be5 27. h3
Nc3+ 28. Ka1 b5 29. Bb2 Rxd7 30. Rxd7 Rf8 31. Re7 Rf1+ 32. Nc1 Bf4 33. Bxc3
Bxc1 34. Rg7+ Kf8 0-1

[Event "American Continental 13th"]
[Site "Medellin"]
[Date "2017.06.11"]
[Round "3"]
[White "Delgado Ramirez, Neuris"]
[Black "Panesso Rivera, Henry"]
[Result "1-0"]
[WhiteElo "2613"]
[BlackElo "2421"]
[PlyCount "89"]
[EventDate "2017.06.10"]
[EventType "swiss"]
[EventRounds "11"]
[EventCountry "COL"]
[SourceTitle "CBM 178 Extra"]
[Source "ChessBase"]
[SourceDate "2017.06.22"]
[SourceVersion "1"]
[SourceVersionDate "2017.06.22"]
[SourceQuality "1"]

1. e4 c5 2. g3 d5 3. exd5 Qxd5 4. Nf3 Bg4 5. Bg2 Qe4+ 6. Kf1 Nc6 7. Nc3 Qe6 8.
h3 Bf5 9. d3 Qd7 10. Be3 e6 11. Nh4 Bg6 12. Nxg6 hxg6 13. Ne4 b6 14. h4 Rc8 15.
h5 Rxh5 16. Rxh5 gxh5 17. Qxh5 Nf6 18. Qd1 Nxe4 19. Bxe4 g6 20. c3 Bg7 21. Qe2
Ne7 22. Rd1 Nd5 23. Bd2 b5 24. a3 Nf6 25. Bf3 a5 26. Kg1 Kf8 27. c4 a4 28. Be3
Ne8 29. d4 cxd4 30. cxb5 e5 31. Bc6 Rxc6 32. bxc6 Qxc6 33. Bd2 Kg8 34. Rc1 Qb7
35. Bb4 f5 36. Qc4+ Kh7 37. Qe6 Nf6 38. Rc6 Qb5 39. Rc7 Nh5 40. Bf8 Qe2 41.
Rxg7+ Nxg7 42. Qe7 Qe1+ 43. Kg2 Qe4+ 44. Kh2 Kh6 45. Bxg7+ 1-0

[Event "American Continental 13th"]
[Site "Medellin"]
[Date "2017.06.12"]
[Round "4"]
[White "Vera Siguenas, Deivy Anthoni"]
[Black "Delgado Ramirez, Neuris"]
[Result "0-1"]
[WhiteElo "2526"]
[BlackElo "2613"]
[PlyCount "98"]
[EventDate "2017.06.10"]
[EventType "swiss"]
[EventRounds "11"]
[EventCountry "COL"]
[SourceTitle "CBM 178 Extra"]
[Source "ChessBase"]
[SourceDate "2017.06.22"]
[SourceVersion "1"]
[SourceVersionDate "2017.06.22"]
[SourceQuality "1"]

1. e4 c5 2. Nf3 d6 3. d4 cxd4 4. Nxd4 Nf6 5. Nc3 a6 6. Be3 e5 7. Nb3 Be7 8. f3
O-O 9. Qd2 Be6 10. O-O-O b5 11. g4 b4 12. Nd5 Bxd5 13. exd5 a5 14. Kb1 Nbd7 15.
Bb5 Nb6 16. Bc6 Nc4 17. Qe2 Nxe3 18. Qxe3 Ra6 19. f4 a4 20. Nc1 Nd7 21. Nd3
exf4 22. Qxf4 b3 23. cxb3 axb3 24. a3 Nc5 25. Qc4 Rb6 26. Rhf1 Qc7 27. Rf3 Nd7
28. Re1 Bh4 29. Re2 Bg5 30. h4 Bxh4 31. Qf4 h6 32. Re8 Bf6 33. Rxf8+ Kxf8 34.
Qa4 Rb8 35. Re3 Bg5 36. Re2 Nf6 37. Nb4 Qc8 38. Qxb3 Qxg4 39. Qc2 g6 40. Na6
Rc8 41. Qd3 h5 42. Ka2 Nd7 43. Bxd7 Qxd7 44. Nb4 Re8 45. Rf2 Kg8 46. Nc6 h4 47.
Rf3 Qg4 48. Qf1 Re1 49. Qd3 Qg1 0-1

[Event "American Continental 13th"]
[Site "Medellin"]
[Date "2017.06.13"]
[Round "5"]
[White "Delgado Ramirez, Neuris"]
[Black "Erenburg, Sergey"]
[Result "1-0"]
[WhiteElo "2613"]
[BlackElo "2550"]
[PlyCount "157"]
[EventDate "2017.06.10"]
[EventType "swiss"]
[EventRounds "11"]
[EventCountry "COL"]
[SourceTitle "CBM 178 Extra"]
[Source "ChessBase"]
[SourceDate "2017.06.22"]
[SourceVersion "1"]
[SourceVersionDate "2017.06.22"]
[SourceQuality "1"]

1. e4 c6 2. d4 d5 3. exd5 cxd5 4. Bd3 Nc6 5. c3 Qc7 6. Ne2 Bg4 7. O-O e6 8. Qe1
Bxe2 9. Qxe2 Bd6 10. g3 Nf6 11. Nd2 O-O 12. Nf3 Rfe8 13. Be3 g6 14. Rad1 a6 15.
a3 b5 16. Rfe1 Na5 17. Bg5 Nd7 18. Ne5 Nc4 19. Ng4 f5 20. Ne3 Nxe3 21. Qxe3 Nb6
22. Qf3 Nc4 23. Re2 Qf7 24. Rde1 Rac8 25. h4 Bf8 26. Kg2 h5 27. Qf4 Kh7 28. f3
Bd6 29. Qc1 Rc6 30. g4 Bb8 31. gxh5 gxh5 32. Kh3 Rg8 33. Rg1 Rg7 34. Qe1 Nb6
35. f4 Nc4 36. Reg2 Rc8 37. Re2 Rc6 38. Rg3 Rg8 39. Kg2 Rg6 40. Kh3 Nd6 41. Rg1
Ne4 42. Reg2 Rc8 43. Be2 Nf6 44. Bxf6 Rxg2 45. Rxg2 Qxf6 46. Qf2 Rg8 47. Rg5
Rxg5 48. hxg5 Qh8 49. Qh4 Kg6 50. Kg3 Qh7 51. Kf2 Qh8 52. Ke3 Qh7 53. Kd2 Qh8
54. Kc2 Qh7 55. b4 Bd6 56. Kb3 Qh8 57. a4 bxa4+ 58. Kxa4 Kg7 59. Kb3 Qb8 60.
Qxh5 Qh8 61. Qxh8+ Kxh8 62. Bxa6 Bxf4 63. Bc8 e5 64. dxe5 Kg7 65. Bxf5 Bxg5 66.
Be6 Bf4 67. Bxd5 Bxe5 68. c4 Kf6 69. c5 Ke7 70. b5 Bd4 71. Kc4 Bf2 72. b6 Kd8
73. Kb5 Kc8 74. Be6+ Kb8 75. c6 Bg3 76. Bf5 Bf4 77. Kc4 Bg3 78. Kd5 Bf4 79. Ke6
1-0

[Event "American Continental 13th"]
[Site "Medellin"]
[Date "2017.06.13"]
[Round "6"]
[White "Cori Tello, Jorge Moise"]
[Black "Delgado Ramirez, Neuris"]
[Result "1-0"]
[WhiteElo "2618"]
[BlackElo "2613"]
[PlyCount "57"]
[EventDate "2017.06.10"]
[EventType "swiss"]
[EventRounds "11"]
[EventCountry "COL"]
[SourceTitle "CBM 178 Extra"]
[Source "ChessBase"]
[SourceDate "2017.06.22"]
[SourceVersion "1"]
[SourceVersionDate "2017.06.22"]
[SourceQuality "1"]

1. d4 Nf6 2. Nf3 e6 3. c4 b6 4. g3 Bb4+ 5. Bd2 c5 6. Bg2 Bb7 7. O-O Bxd2 8.
Qxd2 cxd4 9. Rd1 O-O 10. Qxd4 Nc6 11. Qd6 Qb8 12. Nc3 Rd8 13. Nb5 a6 14. Qxb8
Raxb8 15. Nd6 Ba8 16. Ng5 Rf8 17. Rd2 h6 18. Nge4 Nxe4 19. Bxe4 Rfd8 20. Rad1
Kf8 21. f4 Ke7 22. Kf2 g5 23. Bf3 f5 24. Bh5 Rf8 25. h4 Nd8 26. Nxf5+ exf5 27.
Rxd7+ Kf6 28. R1d6+ Ne6 29. Rh7 1-0

[Event "American Continental 13th"]
[Site "Medellin"]
[Date "2017.06.14"]
[Round "7"]
[White "Delgado Ramirez, Neuris"]
[Black "Cori Quispe, Kevin Joel"]
[Result "1-0"]
[WhiteElo "2613"]
[BlackElo "2390"]
[PlyCount "85"]
[EventDate "2017.06.10"]
[EventType "swiss"]
[EventRounds "11"]
[EventCountry "COL"]
[SourceTitle "CBM 178 Extra"]
[Source "ChessBase"]
[SourceDate "2017.06.22"]
[SourceVersion "1"]
[SourceVersionDate "2017.06.22"]
[SourceQuality "1"]

1. e4 c5 2. Nf3 e6 3. d4 cxd4 4. Nxd4 Nc6 5. Nc3 Qc7 6. f4 a6 7. Nxc6 bxc6 8.
Bd3 d5 9. O-O Nf6 10. Qe2 Be7 11. Bd2 O-O 12. b3 Re8 13. Kh1 Bb7 14. Rae1 Bf8
15. e5 Nd7 16. Rf3 g6 17. h4 c5 18. Rg3 Bg7 19. h5 Rec8 20. Qg4 Nf8 21. Nd1 c4
22. bxc4 dxc4 23. Bf1 Qc5 24. Bc3 Nd7 25. Ne3 Nb6 26. hxg6 hxg6 27. Qh4 Nd5 28.
Ng4 Nxc3 29. Rxc3 Qd4 30. Rh3 Kf8 31. Nf6 Rc5 32. Qg5 Qd8 33. Rh7 Rac8 34. Re3
Qd1 35. Kg1 Qd4 36. Ng4 Qd8 37. Nf6 Qd4 38. Kf2 Ra5 39. Ng4 Qd8 40. Nf6 Qd4 41.
c3 Rxa2+ 42. Be2 Qd1 43. f5 1-0

[Event "American Continental 13th"]
[Site "Medellin"]
[Date "2017.06.15"]
[Round "8"]
[White "Bachmann, Axel"]
[Black "Delgado Ramirez, Neuris"]
[Result "1/2-1/2"]
[WhiteElo "2653"]
[BlackElo "2613"]
[PlyCount "80"]
[EventDate "2017.06.10"]
[EventType "swiss"]
[EventRounds "11"]
[EventCountry "COL"]
[SourceTitle "CBM 178 Extra"]
[Source "ChessBase"]
[SourceDate "2017.06.22"]
[SourceVersion "1"]
[SourceVersionDate "2017.06.22"]
[SourceQuality "1"]

1. d4 Nf6 2. c4 e6 3. Nc3 Bb4 4. Qc2 d6 5. Nf3 O-O 6. Bd2 c5 7. dxc5 Bxc5 8. e3
Nc6 9. a3 a6 10. Bd3 h6 11. O-O e5 12. Rfd1 Be6 13. Bc1 Rc8 14. b3 Ba7 15. Bb2
Na5 16. Ne4 Nxe4 17. Bxe4 Qc7 18. Bc3 Nc6 19. Rd2 f5 20. Bxc6 bxc6 21. c5 Bxc5
22. Bxe5 dxe5 23. Qxc5 Bd5 24. b4 f4 25. Ne1 Qf7 26. exf4 exf4 27. f3 Rce8 28.
Nd3 Re3 29. Qd4 Qe7 30. Rf1 Qg5 31. Kh1 Rf5 32. a4 Qh4 33. Kg1 Qg5 34. b5 cxb5
35. axb5 axb5 36. Nxf4 Qxf4 37. Qxf4 Rxf4 38. Rxd5 Rb4 39. Rfd1 Re2 40. R5d2
Rxd2 1/2-1/2

[Event "American Continental 13th"]
[Site "Medellin"]
[Date "2017.06.16"]
[Round "9"]
[White "Delgado Ramirez, Neuris"]
[Black "Zapata, Alonso"]
[Result "1-0"]
[WhiteElo "2613"]
[BlackElo "2420"]
[PlyCount "113"]
[EventDate "2017.06.10"]
[EventType "swiss"]
[EventRounds "11"]
[EventCountry "COL"]
[SourceTitle "CBM 178 Extra"]
[Source "ChessBase"]
[SourceDate "2017.06.22"]
[SourceVersion "1"]
[SourceVersionDate "2017.06.22"]
[SourceQuality "1"]

1. e4 c5 2. Nf3 e6 3. d4 cxd4 4. Nxd4 a6 5. g3 d5 6. Nb3 Nf6 7. exd5 exd5 8.
Bg2 Nc6 9. O-O Be7 10. Nc3 Be6 11. Be3 O-O 12. Na4 Ne5 13. Nac5 Bg4 14. f3 Bc8
15. Nd3 Nc4 16. Bf2 Bf5 17. Nd4 Bg6 18. b3 Na3 19. Qd2 Qc7 20. c3 Bd6 21. Nf4
Rfe8 22. Rfe1 Rxe1+ 23. Rxe1 Nb1 24. Qe3 Nxc3 25. Nxg6 hxg6 26. Rc1 Bb4 27. a3
Re8 28. Qd3 Bxa3 29. Qxc3 Qd7 30. Rd1 Rc8 31. Qd3 Bb4 32. Nc2 Bc5 33. Bxc5 Rxc5
34. Ne3 Qc7 35. Qd4 Rb5 36. b4 Qe7 37. Nc2 Qc7 38. Rd2 Rb6 39. Bf1 Re6 40. Kf2
Qe7 41. Ne3 Rc6 42. Rc2 Rxc2+ 43. Nxc2 Qc7 44. Ne3 Qc1 45. h4 Qc6 46. Be2 Qe6
47. Ng2 Qc6 48. Nf4 Qd6 49. Kg2 Qc6 50. g4 Qc2 51. Kf2 Qc7 52. Bd3 Qc1 53. Nxd5
Qd2+ 54. Kf1 Qd1+ 55. Kg2 Qd2+ 56. Kh3 Nxd5 57. Qxd5 1-0